000 00551nam a22001697a 4500
999 _c157964
_d157964
005 20181011170627.0
010 _aB-029676
035 _aB-029676
037 _bRajmahal Publication
082 _a371.102
100 _aBalachandran, Ethel Selina
245 _aStudent evaluation for effective teaching/
_cby Ethel Selina Balachandran
260 _aChennai
_bRajmahal Publication
_c2000
300 _axiv, 216p.
_c20c.m. (Hb)
942 _2ddc
_cEN
_h371.102
_mBAL